قا ضی سلیم‎‎ (Record no. 188447)

MARC details
000 -LEADER
fixed length control field 00634nam a22001937a 4500
005 - DATE AND TIME OF LATEST TRANSACTION
control field 20220525115647.0
010 ## - LCCN (DPL NO)
LC control number UR-11572
020 ## - INTERNATIONAL STANDARD BOOK NUMBER
International Standard Book Number 9789389467505
Terms of availability 50.00
035 ## - SYSTEM CONTROL NUMBER
System control number U-10127
037 ## - SOURCE OF ACQUISITION
Source of stock number/acquisition DBAD/PUB
Stock number -
082 ## - DEWEY DECIMAL CLASSIFICATION NUMBER
Classification number 920
Edition number Ist
100 ## - MAIN ENTRY--PERSONAL NAME
Personal name غضنفر ا قبا ل
245 ## - TITLE STATEMENT
Title قا ضی سلیم‎‎
Statement of responsibility, etc غضنفر اقبال
Medium ا ر د و
246 ## - VARYING FORM OF TITLE
Title proper/short title Qazi Saleem(Urdu)
Remainder of title Ghazanfar Iqbal
260 ## - PUBLICATION, DISTRIBUTION, ETC. (IMPRINT)
Place of publication, distribution, etc New Delhi
Name of publisher, distributor, etc Sahitya Akademi
Date of publication, distribution, etc 2021 ء
270 ## - ADDRESS
Address Ravinder Bhawan, 35, Firozshah Road,
City New Delhi
Postal code 110001
Telephone number 011-23386626
Fax number -
300 ## - PHYSICAL DESCRIPTION
Extent 76 ص
Dimensions 22 Cm(pbk)
942 ## - ADDED ENTRY ELEMENTS (KOHA)
Source of classification or shelving scheme Dewey Decimal Classification
Item type Urdu Bks
Classification part 920
Call number suffix غ ض ن
Holdings
Withdrawn status Lost status Not for loan Collection code Home library Current library Date acquired Source of acquisition Cost, normal purchase price Full call number Barcode Copy number Cost, replacement price Koha item type
    Not For Loan Non-fiction D.B.Act.Division Central Library 23/05/2022 DBAD/PUB 50.00 920 غ ض ن U-10127 1 50.00 Urdu Bks

© Delhi Public Library
Hit Counter
free hit counter